| 000 | 00000nas##2200000za#4500 |
| 001 | 9.513633 |
| 003 | CaOODSP |
| 005 | 20220715162848 |
| 007 | ta |
| 008 | 150406c2005||||xxc|| m #||||f| |0fre|d |
| 022 | |a1712-6142 |
| 040 | |aCaOODSP|bfre |
| 043 | |an-cn--- |
| 086 | 1 |aFo103-4F |
| 110 | 1 |aCanada.|bRessources naturelles Canada. |bService canadien des forêts. |
| 245 | 10|aNotes sur les ravageurs / |cPublié par le Centre de foresterie de l'Atlantique. |
| 260 | |aFredericton - Connecticut : |bRessources naturelles Canada. |
| 310 | |aIrrégulier |
| 362 | 1 |aN° 1, (2005)-- |
| 563 | |aDépliant |
| 691 | 07|aOrganisme nuisible|2gcpds |
| 775 | 08|tPest notes / |w(CaOODSP)9.515306 |
| 776 | 0#|tFeuillet de renseignements sur un ravageur / |w(CaOODSP)9.913471 |